Design issues
Αποθηκεύτηκε σε:
| Συλλογικό Έργο: | , |
|---|---|
| Μορφή: | Περιοδική έκδοση |
| Γλώσσα: | English |
| Δημοσίευση: |
Chicago, Ill. :
MIT Press,
c1984-
|
| Θέματα: | |
| Ετικέτες: |
Προσθήκη ετικέτας
Δεν υπάρχουν, Καταχωρήστε ετικέτα πρώτοι!
|
MARC
| LEADER | 00000nas a2200000 a 4500 | ||
|---|---|---|---|
| 001 | 1/17526 | ||
| 008 | 010222c19849999ilu|||||||||||| ||eng|| | ||
| 022 | |a 0747-9360 | ||
| 035 | |l 10066170 | ||
| 040 | |a GR-MyUa |b gre |e AACR2 | ||
| 041 | 0 | |a eng | |
| 082 | 7 | |a 745.05 |2 (21) | |
| 210 | 1 | |a Des. issues | |
| 222 | 0 | |a Design issues | |
| 245 | 0 | 0 | |a Design issues |h [περιοδικό] |
| 260 | |a Chicago, Ill. : |b MIT Press, |c c1984- | ||
| 300 | |a τ. : |b εικ. ; |c 26 εκ. | ||
| 310 | |a Τριμηνιαίο, |b 2001- | ||
| 321 | |a Εξαμηνιαίο, |b 1984-<1993> | ||
| 321 | |a Τρία τεύχη το χρόνο, |b <1993>-2000 | ||
| 362 | 1 | |a Vol. 1, no 1 (spring 1984)- |z βλ. Library of Congress | |
| 588 | |a Η περιγραφή βασίζεται στο: Vol. 16, no 1 (spring 2000) | ||
| 650 | 0 | |a Design |x Periodicals. | |
| 650 | 0 | |a Architectural design |x Periodicals. | |
| 650 | 0 | |a Industrial design |x Periodicals. | |
| 710 | 2 | |a University of Illinois at Chicago. |b School of Art and Design. | |
| 710 | 2 | |a Carnegie-Mellon University. |b Department of Design. | |
| 853 | |a INST |b SYROS |c SER | ||
| 922 | |a 5ΕΛΗ |b 200102 |c Κεντρική Βιβλιοθήκη |d SWETS | ||
| 970 | |a Κοντού |b Παρασκευή |z 22/02/2001 | ||